000
00325nam a2200133Ia 4500
008
230818s2000 xx 000 0 und d
041
_a
eng
100
_a
Jane Fellows
245
_a
House -Keeping Supervision
260
_b
Pitman
_c
2000
300
_a
199p
520
_a
General | Hard Board
999
_c
853748
_d
853748
650
_a
Hotel Housekeeping